MARC

LEADER 00000nam0a2200000 4500
001 368535
005 20231102012107.0
035 |a (RuTPU)RU\TPU\retro\25917 
090 |a 368535 
100 |a 20220413d1979 m y0rusy50 ca 
101 0 |a rus 
102 |a RU 
105 |a y j 001zy 
200 1 |a Электропрогрев в технологии зимнего бетонирования несущих монолитных конструкций  |e учебное пособие по спецкурсу  |f Г. В. Кузнецов  |g Куйбышевский инженерно-строительный институт им. А. И. Микояна 
210 |a Куйбышев  |c Изд-во Куйбышевского гос. ун-та  |d 1979 
215 |a 59 с. 
320 |a Библиогр.: с. 56 
606 1 |a Бетонирование зимнее  |2 stltpush  |3 (RuTPU)RU\TPU\subj\28465  |9 51992 
610 1 |a монолитные несущие конструкции 
610 1 |a бетон 
610 1 |a прочность 
610 1 |a бетонирование с прогревом 
610 1 |a электропрогрев 
610 1 |a электрооборудование 
610 1 |a расчет 
610 1 |a спецкурс 
610 1 |a учебные пособия 
675 |a 693.547.3(075.8)  |v 4 
700 1 |a Кузнецов  |b Г. В.  |g Георгий Владимирович 
712 0 2 |a Куйбышевский инженерно-строительный институт им. А. И. Микояна  |2 stltpush  |3 (RuTPU)RU\TPU\col\13864  |9 25809 
801 1 |a RU  |b 63413507  |c 20220413 
942 |c BK